000 00292nam a22001337a 4500
008 170920b xxu||||| |||| 00| 0 eng d
020 _a9780816039845
041 _aeng
080 _a7
100 _a44
101 _aART
245 _aEGYPTIAN MYTHOLOGY A TO Z
_cREMLER, P
942 _2udc
_cBK
999 _c28414
_d28414